Tilastot visalle Valtiot, joissa Sauli Niinistö vieraili presidenttinä

Klikkaa tästä pelataksesi tätä visaa!

Yleistilastot

  • Tätä visaa on pelattu 49 kertaa
  • Keskiarvotulos 31 / 40

Vastaustilastot

MaanosaValtio% Oikein
EurooppaLatvia
100%
EurooppaLiettua
100%
EurooppaNorja
100%
EurooppaRuotsi
100%
EurooppaSaksa
100%
EurooppaTanska
100%
EurooppaViro
100%
Etelä-AmerikkaBrasilia
93%
EurooppaIslanti
93%
EurooppaItalia
93%
Pohjois-AmerikkaKanada
93%
AasiaKiina
93%
Pohjois-AmerikkaMeksiko
93%
EurooppaPuola
93%
Pohjois-AmerikkaYhdysvallat
93%
EurooppaBelgia
90%
AasiaJapani
90%
EurooppaVenäjä
90%
EurooppaAlankomaat
87%
EurooppaPortugali
87%
EurooppaRanska
87%
EurooppaItävalta
83%
EurooppaSveitsi
83%
EurooppaUkraina
83%
EurooppaUnkari
83%
EurooppaIso-Britannia
80%
AasiaTurkki
77%
AasiaEtelä-Korea
73%
EurooppaKroatia
73%
AfrikkaEtelä-Afrikka
70%
AasiaIndonesia
63%
EurooppaSlovenia
63%
EurooppaBulgaria
60%
AasiaIran
53%
Etelä-AmerikkaUruguay
47%
AasiaKazakstan
37%
AasiaGeorgia
23%
AfrikkaEtiopia
20%
AasiaLibanon
20%
AasiaArabiemiraatit
13%

Tulosjakauma

Persentiili vastausten määrän mukaan

Jokaisen tuloksen saaneiden osuus

Tuloshistoriasi

Et ole pelannut tätä visaa